• 首页
  • 本馆介绍
  • 公告通知
  • 最新文献
  • 馆藏检索
  • 电子资源
  • 读者导购
  • 参考咨询
  • 我的图书馆
  • 登录
  • 详细信息显示
  • 放入我的书架
  • 预约/预借图书
  • 作者相关作品
  • 分类相关作品
  • 丛书相关作品
  • 出版社相关作品

书目信息

  • 表格格式
  • 工作单格式
  • 卡片格式
题名:
旨永神遥明小品
    
 
作者: 吴承学 著
分册:  
出版信息: 天津   天津人民出版社  2019
页数: 267页
开本: 21cm
丛书名: 大家小札系列
单 册:
中图分类: I207.62
科图分类:
主题词: 小品文--xiao pin wen--古典文学研究--中国--明代
电子资源:
ISBN: 978-7-201-15201-1
000 01000oam2 2200253 450
001 2156238199
005 20211011172911.0
010    @a978-7-201-15201-1@dCNY52.00
100    @a20191107d2019 em y0chiy0120 ea
101 0  @achi
102    @aCN@b120000
105    @ay z 000yy
106    @ar
200 1  @a旨永神遥明小品@Azhi yong shen yao ming xiao pin@f吴承学著
210    @a天津@c天津人民出版社@d2019
215    @a267页@d21cm
225 2  @a大家小札系列@Ada jia xiao zha xi lie
330    @a本书重点介绍了晚明小品文写作的主要作家,概括出这种文体表现在思想情趣与艺术形态上的总体特点。既道出其妙处,即小品文在传统古文“文以载道”的轨辙之外另立一宗,以悠然自得的笔调,以漫话和絮语的形式体味人生;也揭示出其弊端,即它在思想内涵和历史深度方面难以望传统古文项背。
461  0 @12001 @a大家小札系列
606 0  @a小品文@Axiao pin wen@x古典文学研究@y中国@z明代
690    @aI207.62@v5
701  0 @a吴承学@Awu cheng xue@4著
801  0 @aCN@b百万庄@c20211005
905    @b1304746-49@dI207.62@e1020@f4
    
    旨永神遥明小品/吴承学著.-天津:天津人民出版社,2019
    267页;21cm.-(大家小札系列)
    
    
    ISBN 978-7-201-15201-1:CNY52.00
    本书重点介绍了晚明小品文写作的主要作家,概括出这种文体表现在思想情趣与艺术形态上的总体特点。既道出其妙处,即小品文在传统古文“文以载道”的轨辙之外另立一宗,以悠然自得的笔调,以漫话和絮语的形式体味人生;也揭示出其弊端,即它在思想内涵和历史深度方面难以望传统古文项背。
●
相关链接 在E读中查询图书 在五车中查询图书 在当当中查询图书 在豆瓣中查询图书


正题名:旨永神遥明小品     索取号:I207.62/1020         预约/预借

序号 登录号 条形码 馆藏地/架位号 状态 备注
1 1304746   213047460   第一样本阅览室/ [索取号:I207.62/1020] 在馆    
2 1304747   213047479   第二借阅区/ [索取号:I207.62/1020] 在馆    
3 1304748   213047488   第二借阅区/ [索取号:I207.62/1020] 在馆    
4 1304749   213047497   第二借阅区/ [索取号:I207.62/1020] 在馆    
唐山师范学院图书馆 欢迎您!
大连网信软件有限公司© 版权所有